Poesía clásica japonesa : korinwakashu /
Guardado en:
| Autor Principal: | |
|---|---|
| Formato: | Libro |
| Publicado: |
Buenos Aires :
Proeme,
2014
|
| Series: | Pliegos de Oriente. Colección Juan Gelman
|
| Materias: | |
| Etiquetas: |
Agregar Etiqueta
Sin Etiquetas, Sea el primero en etiquetar este registro!
|
| LEADER | 00916nam a22002535a 4500 | ||
|---|---|---|---|
| 001 | CEM.cems014878 | ||
| 008 | 130507s2014##################000#0#####d | ||
| 005 | 20260311080718.0 | ||
| 245 | 1 | 0 | |a Poesía clásica japonesa : |b korinwakashu / |c Ono No Komachi ... y Otros; traducción Del Japónes y Edición de Torquil Duthie |
| 260 | |a Buenos Aires : |b Proeme, |c 2014 | ||
| 300 | |a 180 p. | ||
| 490 | 0 | |a Pliegos de Oriente. Colección Juan Gelman | |
| 500 | |a Edición especial del Ministerio de Educación de la Nación | ||
| 020 | |a 9789874553805 | ||
| 100 | 1 | |a Duthie, Torquil | |
| 082 | 0 | 4 | |a 895.6 |
| 653 | |a Literatura | ||
| 653 | |a Literatura japonesa | ||
| 653 | |a Poesía | ||
| 653 | |a Poesía japonesa | ||
| 653 | |a Colección Juan Gelman | ||
| 653 | |a Biblioteca Juan Gelman | ||
| 859 | |a CEMS |b BIB. CEMS - 11 de abril |h 895.6 |i D952 |p 27437.18 |t Ej.1 | ||
| 859 | |a CEMS |b BIB. CEMS - Agricultura |h 895.61 |i D952 |p A2266.15 |t Ej.1 | ||
